Power-sharing in conflict-ridden societies : (Record no. 592700)

000 -LEADER
fixed length control field 01761cam a2200385 i 4500
001 - CONTROL NUMBER
control field 18627894
003 - CONTROL NUMBER IDENTIFIER
control field NUST
005 - DATE AND TIME OF LATEST TRANSACTION
control field 20221215132527.0
008 - FIXED-LENGTH DATA ELEMENTS--GENERAL INFORMATION
fixed length control field 150522s2015 enk b 001 0 eng
010 ## - LIBRARY OF CONGRESS CONTROL NUMBER
LC control number 2015010329
020 ## - INTERNATIONAL STANDARD BOOK NUMBER
International Standard Book Number 9781472467867 (hardback : alk. paper)
020 ## - INTERNATIONAL STANDARD BOOK NUMBER
Canceled/invalid ISBN 9781472467874 (ebook)
020 ## - INTERNATIONAL STANDARD BOOK NUMBER
Canceled/invalid ISBN 9781472467881 (epub)
040 ## - CATALOGING SOURCE
Original cataloging agency DLC
Language of cataloging eng
Transcribing agency DLC
Description conventions rda
Modifying agency DLC
042 ## - AUTHENTICATION CODE
Authentication code pcc
050 00 - LIBRARY OF CONGRESS CALL NUMBER
Classification number JF51
Item number .B87 2015
082 00 - DEWEY DECIMAL CLASSIFICATION NUMBER
Classification number 324,BUT
Edition number 23
100 1# - MAIN ENTRY--PERSONAL NAME
Personal name Butenschøn, Nils A.
Fuller form of name (Nils August),
Dates associated with a name 1949-
9 (RLIN) 104951
245 10 - TITLE STATEMENT
Title Power-sharing in conflict-ridden societies :
Remainder of title challenges for building peace and democratic stability /
Statement of responsibility, etc. Nils A. Butenschøn, Øyvind Stiansen & Kåre Vollan.
264 #1 - PRODUCTION, PUBLICATION, DISTRIBUTION, MANUFACTURE, AND COPYRIGHT NOTICE
Place of production, publication, distribution, manufacture Farnham, Surrey, Enlgand ;
-- Burlington, VT :
Name of producer, publisher, distributor, manufacturer Ashgate,
Date of production, publication, distribution, manufacture, or copyright notice [2015]
300 ## - PHYSICAL DESCRIPTION
Extent xii, 360 pages ;
Dimensions 24 cm
336 ## - CONTENT TYPE
Content type term text
Content type code txt
Source rdacontent
337 ## - MEDIA TYPE
Media type term unmediated
Media type code n
Source rdamedia
338 ## - CARRIER TYPE
Carrier type term volume
Carrier type code nc
Source rdacarrier
505 0# - FORMATTED CONTENTS NOTE
Formatted contents note Democratic peace and institutional design : some theoretical perspectives (Page-7), Burundi (Page-33), Rwanda (Page-59), Ethiopia (Page-83), Lebanon (Page-105), Bosnia and Herzegovina (Page-135), Nepal (Page-161), Myanmar (Burma) (Page-201), The Philippines (Page-233), Fiji (page-265), Power sharing : conclusions and recommendations(Page-295).
650 #0 - SUBJECT ADDED ENTRY--TOPICAL TERM
Topical term or geographic name entry element Comparative government
Form subdivision Case studies.
9 (RLIN) 104952
650 #0 - SUBJECT ADDED ENTRY--TOPICAL TERM
Topical term or geographic name entry element Coalition governments
Form subdivision Case studies.
9 (RLIN) 104953
650 #0 - SUBJECT ADDED ENTRY--TOPICAL TERM
Topical term or geographic name entry element Peace-building
Form subdivision Case studies.
9 (RLIN) 104954
650 #0 - SUBJECT ADDED ENTRY--TOPICAL TERM
Topical term or geographic name entry element Democratization
Form subdivision Case studies.
9 (RLIN) 104955
650 #0 - SUBJECT ADDED ENTRY--TOPICAL TERM
Topical term or geographic name entry element Political stability
Form subdivision Case studies.
9 (RLIN) 104956
650 #0 - SUBJECT ADDED ENTRY--TOPICAL TERM
Topical term or geographic name entry element Conflict management
Form subdivision Case studies.
9 (RLIN) 104957
700 1# - ADDED ENTRY--PERSONAL NAME
Personal name Stiansen, Øyvind.
9 (RLIN) 104958
700 1# - ADDED ENTRY--PERSONAL NAME
Personal name Vollan, Kåre.
9 (RLIN) 104959
942 ## - ADDED ENTRY ELEMENTS (KOHA)
Source of classification or shelving scheme
Koha item type Book
Call number prefix 324,BUT
Holdings
Withdrawn status Lost status Source of classification or shelving scheme Damaged status Not for loan Permanent Location Current Location Shelving location Date acquired Total Checkouts Full call number Barcode Date last seen Price effective from Koha item type Public note
          Military College of Signals (MCS) Military College of Signals (MCS) General Stacks 12/15/2022   324,BUT MCS37648 12/15/2022 12/15/2022 Book Almirah No.49, Shelf No.6
© 2023 Central Library, National University of Sciences and Technology. All Rights Reserved.